000 00730nam a2200241 i 4500
001 13808
003 ES-MaACL
005 20230906150652.0
007 t|
008 980707s1993 fr ||||1| fre d
020 _a92-803-2150-1
080 _a37.014.5
100 1 _aBirch, Ian.
_928961
245 1 0 _aDroit et planification de l'éducation /
_cIan Birch.
260 _aParis :
_bUNESCO,
_c1993.
300 _a90 p. ;
_c21 cm.
490 1 _aPrincipes de la planification de l'éducation ;
_v46
650 1 4 _aEnseñanza-
_xPlanificación.
_912297
710 2 _aUnesco.
_96999
830 0 _aPrincipes de la planification de l'éducation ;
_v46
_9228461
852 _aES-MaACL
_jL-21230
_bR.124722
999 _c13808
_d13808